| Поле | Название | Значение |
| |
Тип записи |
a |
| |
Библиографический уровень |
m |
| 001 |
Контрольный номер |
RU/IS/BASE/303384465 |
| 005 |
Дата корректировки |
20240322095908.5 |
| 010 |
Индекс ISBN |
__ |
| a |
ISBN |
978-5-699-29780-1 |
| d |
Цена |
400-26 |
| 101 |
Язык документа |
0_ |
| a |
Язык текста |
rus |
| 200 |
Заглавие и сведения об ответственности |
1_ |
| a |
Заглавие |
Гражданское право |
| e |
Сведения, относящиеся к заглавию |
учеб. для студентов вузов, обучающихся по направлению "Юриспруденция" : в 3 ч. |
| f |
Первые сведения об ответственности |
под ред. В. П. Камышинского, Н. М. Коршунова, В. И. Иванова |
| b |
Общее обозначение материала |
Текст |
| h |
Номер части |
Ч. 2 |
| 210 |
Выходные данные |
1_ |
| a |
Место издания |
М. |
| c |
Издательство |
Эксмо |
| d |
Дата издания |
2009 |
| 215 |
Физическое описание |
__ |
| a |
Объем |
720 с. |
| 225 |
Серия |
2_ |
| a |
Серия |
Российское юридическое образование |
| 320 |
Библиография |
__ |
| a |
Библиография |
Библиогр в конце гл. |
| 330 |
Аннотация |
__ |
| a |
Аннотация |
Во второй части учебника рассматриваются отдельные виды обязательств. |
| 606 |
Тематические рубрики |
__ |
| a |
Основная рубрика |
Право |
| z |
Хронологическая подрубрика |
21 в. |
| y |
Географическая подрубрика |
Россия |
| 606 |
Тематические рубрики |
__ |
| a |
Основная рубрика |
Гражданское право в целом |
| 606 |
Тематические рубрики |
__ |
| a |
Основная рубрика |
Обязательственное право |
| 610 |
Ключевые слова |
0_ |
| a |
Ключевые слова |
купля-продажа; розничная купля-продажа; продажа недвижимости; продажа предприятий; поставки товаров; договор поставки; контрактация; договор контрактации; энергоснабжение (право); договор энергоснабжения; договор мены; договор дарения; ренты; пожизненное содержание; пожизненная ренты; аренда; договор аренды; аренда транспорта; аренда зданий; аренда предприятия; лизинг; финансовая аренда; договор найма; договор безвозмездного пользования; ссуды; подряды; договор подряда; бытовой подряд; договор бытового подряда; строительные подряды; договор строительного подряда; долевое строительство; участие в долевом строительстве; государственные контракты; муниципальные контракты; договор на выполнение научно-исследовательских работ; услуги; договор возмездного оказания услуг; перевозка; транспортные экспедиции; транспортные обязательства; заем; кредиты; факторинг; банковские договоры; расчетные правоотношения; безналичные расчеты; расчеты; расчеты платежными поручениями; расчеты по аккредетивам; расчеты по инкассо; расчеты чеками; договор хранения; договор страхования; договор поручения; договор комиссии; агентский договор; доверительная собственность; траст; англосаксонская система права; общецелевые обязательства; договор простого товарищества; учредительный договор; публичный конкурс (право); проведение игр (право); пари (право); внедоговорные обязательства; возмещение вреда; причинение вреда; обязательства из необоснованного обогащения |
| 686 |
Индексы других классификаций |
__ |
| a |
Классификационный индекс |
67.404(2Рос)я73 |
| 702 |
Вторичная интеллектуальная ответственность |
_1 |
| a |
Фамилия |
Камышинский |
| b |
Имя |
В. П. |
| 4 |
Код отношения |
Редактор |
| 4 |
Код отношения |
340 |
| 702 |
Вторичная интеллектуальная ответственность |
_1 |
| a |
Фамилия |
Коршунов |
| b |
Имя |
Н. М. |
| 4 |
Код отношения |
Редактор |
| 4 |
Код отношения |
340 |
| 702 |
Вторичная интеллектуальная ответственность |
_1 |
| a |
Фамилия |
Иванов |
| b |
Имя |
В. И. |
| 4 |
Код отношения |
Редактор |
| 4 |
Код отношения |
340 |
| 801 |
Источник записи |
_0 |
| a |
Страна |
RU |
| b |
Организация |
Муниципальное бюджетное учреждение культуры "Централизованная библиотечная система" г. Сургут (Центральная городская библиотека им. А. С. Пушкина) |
| g |
Правила каталогизации |
КиК/Гришунина |
| 801 |
Источник записи |
_1 |
| a |
Страна |
RU |
| b |
Организация |
Муниципальное бюджетное учреждение культуры "Централизованная библиотечная система" г. Сургут (Центральная городская библиотека им. А. С. Пушкина) |
| g |
Правила каталогизации |
КиК/Гришунина |
| 852 |
Данные о местонахождении |
__ |
| j |
Шифр хранения |
67.404(2Рос)я73 |
| c |
Каталожный индекс |
67.404(2Рос)я73 |
| i |
Авторский знак |
Г 75 |
| 901 |
Тип документа |
__ |
| t |
Тип документа |
m |
| 903 |
Характеристики (МАРС) |
__ |
| a |
Дата передачи |
20090820 |
| 969 |
Тип издания |
__ |
| a |
Тип издания |
учебник |
| 990 |
Данные о заказе (DOS) |
__ |
| j |
Количество экземпляров (DOS) |
1 |
| t |
N записи в КСУ для И/У (DOS) |
200908 |